000 00604nam a2200217Ia 4500
005 20250508162338.0
008 008 250505s9999 xx 000 0 eng d
020 _a0-7099-2319-8
037 _aTextual
040 _aFEDL
_beng
_cFEDL
041 _aeng
_2eng
084 _a370.156, SLE
_qFEDL
100 _aSless David
_9772929
245 0 _aLearning and visual communication
260 _aNew York, USA
_bJohn Wiley and Sons
_c1981
300 _a208p.
490 _aNew patterns of learning
650 _aEducation
942 _cTEXL
_h370.156, SLE
999 _c1375966
_d1375966